Vista normal
Vista MARC
Entrada Personal Name
Número de registros utilizados en: 1
001 - CONTROL NUMBER
- control field: 14653
003 - CONTROL NUMBER IDENTIFIER
- control field: DLC
005 - DATE AND TIME OF LATEST TRANSACTION
- control field: 20230815124811.0
008 - FIXED-LENGTH DATA ELEMENTS
- fixed length control field: 220505n| azannaabn |n aaa c
010 ## - LIBRARY OF CONGRESS CONTROL NUMBER
- LC control number: no2022057521
035 ## - SYSTEM CONTROL NUMBER
- System control number: (OCoLC)oca14512022
040 ## - CATALOGING SOURCE
- Original cataloging agency: CaBVa
- Language of cataloging: spa
- Description conventions: rda
- Transcribing agency: Mx-PuUPA
- Modifying agency: Mx-PuUPA
100 1# - HEADING--PERSONAL NAME
- Personal name: Bowles, Meg,
372 ## - FIELD OF ACTIVITY
- Field of activity: Cuentacuentos
- Source of term: lcsh
374 ## - OCCUPATION
- Occupation: Emisores de radio
- Occupation: Podcasters
- Occupation: Autor
- Source of term: lcsh
375 ## - GENDER
- Gender: hombre
377 ## - ASSOCIATED LANGUAGE
- Language code: eng
670 ## - SOURCE DATA FOUND
- Source citation: How to tell a story, 2022:
- Information found: title page (Meg Bowles) about the author (Meg Bowles is a senior director and a host of The moth radio hour) front flap of jacket (The moth's Peabody award-winning radio hour and podcast is a leader in the modern storytelling movement)